Biografie G. Fregeho

Bibliographic Details
Main Author: Berka, Karel, 1923-2004 (Author)
Format: Article
Language:Czech

MARC

LEADER 00000nab a2200000 a 4500
001 vtls011112844
003 SK-MaSNL
005 20260303150616.0
008 230222|2003 xo |||||||||||||||||cze|
015 |a SNBRB 
035 |a (uuid)3373ea2b-3e38-49fd-a88b-1a55a9f678c9 
035 |a (urnnbn)urn:nbn:sk:snk:ar-a08gw8 
035 |a urn:nbn:sk:snk-ab9je9 
040 |a SNKBUCL  |b slo  |c SNKBUCL  |e AACR2 
041 0 |a cze 
044 |a xo  |c SK 
100 1 |a Berka, Karel,  |d 1923-2004  |4 aut  |9 42488 
245 1 0 |a Biografie G. Fregeho  |c Karel Berka 
773 0 |t Organon F : filozofický časopis  |g Roč. 10, č. 1 (2003), s. 111-115 
958 |a OND 
958 |a EUIPO 
958 |a article13 
999 |c 2012007  |d 2013937